[Event "CZE-chT2E 1213"]
[Site "Czech Republic"]
[Date "2012.12.16"]
[Round "5.7"]
[White "Kozojed, Vlastislav"]
[Black "Zpevakova, Jana"]
[Result "0-1"]
[WhiteElo "1918"]
[BlackElo "1905"]
[PlyCount "139"]
[EventDate "2012.10.14"]
[EventType "team-tourn"]
[EventRounds "11"]
[EventCountry "CZE"]
[SourceTitle "EXT 2016"]
[Source "ChessBase"]
[SourceDate "2015.10.08"]
[SourceVersion "1"]
[SourceVersionDate "2015.10.08"]
[SourceQuality "1"]
[WhiteTeam "Napajedla"]
[BlackTeam "Stare Mesto II"]
[WhiteTeamCountry "CZE"]
[BlackTeamCountry "CZE"]

1. d4 Nf6 2. c4 d6 3. Nc3 Nbd7 4. e4 e5 5. Nf3 Be7 6. Be2 0-0 7. 0-0 c6 8. d5 Nc5 9. Qc2 Bg4 10. Be3 Ncd7 11. dxc6 bxc6 12. Rad1 Qc7 13. h3 Be6 14. Ng5 h6 15. Nxe6 fxe6 16. Qd2 Rad8 17. f4 exf4 18. Bxf4 Nc5 19. Bf3 e5 20. Be3 Ne6 21. g4 Nh7 22. Bg2 Bg5 23. Ne2 Bxe3+ 24. Qxe3 Qb6 25. Rxf8+ Kxf8 26. Qxb6 axb6 27. h4 Nf6 28. Bf3 Ke7 29. Kf2 Ra8 30. Nc3 Nd4 31. Rd2 Rf8 32. Kg3 Nd7 33. Rf2 Nc5 34. Be2 Rd8 35. g5 hxg5 36. hxg5 Nce6 37. Kg4 Nf4 38. Rh2 Ra8 39. Bd1 Rf8 40. Rd2 Nfe6 41. Ne2 Nf3 42. Rd3 Nfxg5 43. Nc3 Rf4+ 44. Kh5 Kf6 45. Bg4 g6+ 46. Kh4 Nf7 47. Kg3 Nc5 48. Rf3 Rxf3+ 49. Bxf3 Ng5 50. Bg2 Nge6 51. b4 Nd7 52. Bh3 Ke7 53. a4 Nc7 54. a5 bxa5 55. bxa5 Nc5 56. Kh4 Nb3 57. Kg5 Nxa5 58. Bf1 Kf7 59. Na4 Ne6+ 60. Kg4 Nb3 61. Bd3 Nec5 62. Nxc5 Nxc5 63. Bc2 Kf6 64. Bb1 g5 65. Bc2 Kg6 66. Bb1 Nd7 67. Bc2 Nf6+ 68. Kg3 Kh5 69. Bd1+ g4 70. Bc2 0-1

[Event "Zlin op"]
[Site "Zlin"]
[Date "1996.??.??"]
[Round "?"]
[White "Kozojed, Vlastislav"]
[Black "Polak, Tomas"]
[Result "0-1"]
[WhiteElo "2055"]
[BlackElo "2445"]
[PlyCount "50"]
[EventDate "1996.??.??"]
[EventType "swiss"]
[EventRounds "9"]
[EventCountry "CZE"]
[SourceTitle "EXT 1999"]
[Source "ChessBase"]
[SourceDate "1998.11.16"]
[SourceVersion "1"]
[SourceVersionDate "1998.11.16"]
[SourceQuality "1"]

1. e4 c5 2. Nf3 Nc6 3. d4 cxd4 4. Nxd4 g6 5. Bc4 Bg7 6. Be3 Nf6 7. f3 0-0 8. Nc3 Qb6 9. 0-0 Qxb2 10. Nxc6 bxc6 11. Qd3 Qb8 12. Rab1 Qc7 13. Qd2 d6 14. Bh6 Bxh6 15. Qxh6 d5 16. Be2 Be6 17. Qe3 Rfd8 18. Qc5 d4 19. Nb5 Qd7 20. Na3 Bxa2 21. Rb2 Be6 22. e5 Qd5 23. Qxe7 Qxe5 24. Bd3 Re8 25. Qb4 Rab8 0-1